Statistics for Leonardo DiCaprio - the Trivia Quiz

Click here to take the quiz!

General Stats

  • This quiz has been taken 185 times
  • The average score is 9 of 15

Answer Stats

HintAnswer% Correct
He was named after this painterLeonado da Vinci
97%
He has won _ times by the Golden Globe Awards2
94%
How man times Leo has collaborated with Kate Winslet?2
94%
Leonardo was born in year1974
90%
How man times Leo has collaborated with Martin Scorsese?5
88%
DiCaprio has _ Oscar nominations as an actor4
85%
The Leonardo DiCaprio Foundation (LDF) want to protect theenvironment
52%
His grandmother Helene was born inRussia
52%
What is the name of Leo's best friend?Tobey Maguire
52%
His second name isWilhelm
52%
In which film did they act together?The Great Gatsby
44%
What is the name of his ex-girfriend, a supermodel from Brazil?Gisele Bündchen
43%
What is the name of his ex-girfriend, a supermodel from Israel?Bar Refaeli
36%
An agent wanted him to change his name toLenny Williams
34%
Leo's nickname isnoodle
15%

Score Distribution

Percentile by Number Answered

Percent of People with Each Score

Your Score History

You have not taken this quiz